| 000 | 01336nas a2200433 c 4500 | ||
|---|---|---|---|
| 001 | 824454200 | ||
| 003 | DE-601 | ||
| 005 | 20230320163222.0 | ||
| 008 | 150507m20159999gw u p 0 u0eng d | ||
| 015 |
_a15A41 _2dnb |
||
| 016 | 7 |
_a1070403253 _2DE-101 |
|
| 016 | 7 |
_a2819722-7 _2DE-600 |
|
| 022 | _a2364-5334 | ||
| 035 | _a(OCoLC)911205245 | ||
| 035 | _a(OCoLC)911205245 | ||
| 035 | _a(DE-599)ZDB2819722-7 | ||
| 040 |
_bger _cGBVCP _aRU-10907106 |
||
| 041 | 0 | _aeng | |
| 044 | _cXA-DE | ||
| 245 | 0 | 0 | _aJournal of Soviet and post-Soviet politics and society |
| 246 | 1 | 3 |
_iRückentitel _aJSPPS |
| 264 | 3 | 1 |
_aStuttgart _bIbidem-Verl _c2015- |
| 336 |
_2rdacontent _aText _btxt |
||
| 337 |
_2rdamedia _aComputermedien _bbc |
||
| 338 |
_2rdacarrier _aOnline Ressource _bcr |
||
| 362 | 0 | _a1.2015 - | |
| 363 | 0 | 1 |
_a1 _i2015 |
| 500 | _aE-Zeitschrift / Zugriff nur im DHI-Lesesaal | ||
| 610 | 1 | 7 |
_0(DE-601)123668867 _0(DE-588)2128486-6 _aGemeinschaft Unabhängiger Staaten _2gnd _921794 |
| 611 | 2 | 7 |
_aZeitschrift _2gnd _916310 |
| 651 | 7 |
_0(DE-601)104152052 _0(DE-588)4077548-3 _aSowjetunion _2gnd |
|
| 655 | 0 | 7 |
_0(DE-588)4067488-5 _aZeitschrift _2gnd-content _9796 |
| 856 | 4 |
_uhttps://elibrary.utb.de/journal/JSPPS _zVolltext |
|
| 942 |
_2z _cCR |
||
| 999 |
_c62038 _d62038 |
||